000 00381cam a2200145ua 4500
003 OSt
008 211116b ||||| |||| 00| 0 eng d
082 _a632.3
_bRAN/DI
100 _aRangaswami, G .
_95120
245 _aDiseases of crop plants in India /
250 _a2 /
260 _aNew Delhi :
_bPrentice Hall of India Pvt Ltd. ,
_c1984.
300 _a520 ; .
942 _cBK
999 _c11080
_d11080